Verschiedenes 1 - Statistiken

Allgemein
  • Dieses Quiz wurde 68 mal gespielt
  • Das Durchschnittsergebnis liegt bei 5 aus 15
Antwortstatistiken
Fragen Antworten % Korrekt
Auf welchem Kontinent liegt Kolumbien Sudamerika
97%
In Welchem Land liegt Innsbruck Österreich
88%
Wie viele Kästen hat ein Sudoku Rätsel 81
72%
In welchem Staat der USA liegt Dallas Texas
69%
Wer schrieb das Gedicht Erlkönig Goethe
58%
Was ist 4563 mal 9 41067
31%
Wie heisst der Vierte teil der Jurassic Park reihe Jurassic World
20%
Auf Welchem Album von Green Day ist der Song Wake Me up Whem September Ends erschienen American Idiot
15%
Wofür steht CDU Christlich Demokratische Union Deutschlands
15%
Was ist der dreizehnte Song auf dem Album Meteora Numb
15%
Wie heisst das Videospiel das In dem Ozean von dem Planet 4546B spielt Subnautica
15%
Welches Videospiel von Nintendo hat einen DLC der Octo Expansion heisst Splatoon 2
8%
Wofür steht TABS bezogen auf das Videospiel von Landfall Totally accurate Battle Simulator
6%
Wer gründete Lego Ole Kirk Christiansen
3%
Was bedeutet ein Ort auf Französisch un endroit
0%
Keine übereinstimmenden Quizze gefunden
Verteilung der Resultate
Anzahl Personen mit jedem Resultat
Perzentil nach korrekt beantworteten Fragen
Ihre Resultats-Entwicklung
Sie haben dieses Quiz noch nicht gespielt